000 01208nam a22003377a 4500
001 000051041
003 CHAP
005 20220329140310.0
008 971013s1959 r 00010 d
010 _a49978
011 _a50950
035 _a55100
040 _cCHAP
090 _aFolleto 2021
100 0 0 _aRodríguez Adame, Julián.
_998266
245 1 0 _aDiscurso pronunciado por el C. Secretario de Agricultura y Ganadería en el acto de inaguración de los cursos escolares, del año lectivo de 1959. En la Escuela Nacional de Agricultura, en Chapingo, Estado de México.
260 _aMéxico, D. F. :
_bSecretaría de Agricultura y Ganadería,
_c1959.
300 _a25 p.
590 _aBATCH-UPD
_b10
_c20130110
_lUCH01
_h1145
590 _aBATCH-UPD
_b10
_c20130410
_lUCH01
_h0730
590 _aBATCH-UPD
_b10
_c20130914
_lUCH01
_h0041
590 _aCONVERSION
_b10
_c20130109
_lUCH01
_h1327
590 _aE5995AHE
_b05
_c20150203
_lUCH01
_h1109
650 1 4 _aAgricultura
_zMéxico.
_91932
710 0 _aENA.
_936669
901 _aBK
942 _cFOLL
942 _n0
949 _aFolleto 2021
_bBC
_cFOLL
_d-121132
_eTS1
_fc.2
_i55100
_si
949 _aFolleto 2021
_bBC
_cUACH
_d-121130
_eUACH
_i55100
_si
999 _c49978
_d49978